header

IQ and the wealth of nations (Record no. 7683)

MARC details
000 -LEADER
fixed length control field 01437nam a22003614a 4500
001 - CONTROL NUMBER
control field ebr10023092
003 - CONTROL NUMBER IDENTIFIER
control field CaPaEBR
006 - FIXED-LENGTH DATA ELEMENTS--ADDITIONAL MATERIAL CHARACTERISTICS--GENERAL INFORMATION
fixed length control field m u
007 - PHYSICAL DESCRIPTION FIXED FIELD--GENERAL INFORMATION
fixed length control field cr cn|||||||||
008 - FIXED-LENGTH DATA ELEMENTS--GENERAL INFORMATION
fixed length control field 010614s2002 ctua sb 001 0 eng
010 ## - LIBRARY OF CONGRESS CONTROL NUMBER
Canceled/invalid LC control number 2001036306
020 ## - INTERNATIONAL STANDARD BOOK NUMBER
Cancelled/invalid ISBN 027597510X (alk. paper)
040 ## - CATALOGING SOURCE
Original cataloging agency CaPaEBR
Transcribing agency CaPaEBR
035 ## - SYSTEM CONTROL NUMBER
System control number (OCoLC)614683108
050 14 - LIBRARY OF CONGRESS CALL NUMBER
Classification number BF431
Item number .L96 2002eb
082 04 - DEWEY DECIMAL CLASSIFICATION NUMBER
Classification number 153.9/09
Edition number 21
100 1# - MAIN ENTRY--PERSONAL NAME
Personal name Lynn, Richard,
Dates associated with a name 1930-
245 10 - TITLE STATEMENT
Title IQ and the wealth of nations
Medium [electronic resource] /
Statement of responsibility, etc Richard Lynn and Tatu Vanhanen.
260 ## - PUBLICATION, DISTRIBUTION, ETC. (IMPRINT)
Place of publication, distribution, etc Westport, Conn. :
Name of publisher, distributor, etc Praeger,
Date of publication, distribution, etc 2002.
300 ## - PHYSICAL DESCRIPTION
Extent xviii, 298 p. :
Other physical details ill.
490 1# - SERIES STATEMENT
Series statement Human evolution, behavior, and intelligence,
International Standard Serial Number 1063-2158
504 ## - BIBLIOGRAPHY, ETC. NOTE
Bibliography, etc Includes bibliographical references (p. [273]-290) and index.
533 ## - REPRODUCTION NOTE
Type of reproduction Electronic reproduction.
Place of reproduction Palo Alto, Calif. :
Agency responsible for reproduction ebrary,
Date of reproduction 2013.
Note about reproduction Available via World Wide Web.
-- Access may be limited to ebrary affiliated libraries.
650 #0 - SUBJECT ADDED ENTRY--TOPICAL TERM
Topical term or geographic name as entry element Intellect
General subdivision Social aspects.
Topical term or geographic name as entry element Intellect
Form subdivision Cross-cultural studies.
Topical term or geographic name as entry element National characteristics.
Topical term or geographic name as entry element Economics
General subdivision Sociological aspects.
655 #7 - INDEX TERM--GENRE/FORM
Genre/form data or focus term Electronic books.
Source of term local
700 1# - ADDED ENTRY--PERSONAL NAME
Personal name Vanhanen, Tatu.
710 2# - ADDED ENTRY--CORPORATE NAME
Corporate name or jurisdiction name as entry element ebrary, Inc.
830 #0 - SERIES ADDED ENTRY--UNIFORM TITLE
Uniform title Human evolution, behavior, and intelligence.
856 40 - ELECTRONIC LOCATION AND ACCESS
Uniform Resource Identifier <a href="http://site.ebrary.com/lib/rucke/Doc?id=10023092">http://site.ebrary.com/lib/rucke/Doc?id=10023092</a>
Public note An electronic book accessible through the World Wide Web; click to view

No items available.

© 2026 Rongo University
Contact us: librarian | system librarian | Rongo university